Datum a čas kvízu
27
Celkem bodů
Celkový počet nahraných bodů na tomto kvízu bez doplňovacích otázek.
8.
Pořadí na kvízu
Konečné umístění týmu na tomto kvízu.
Zaznamenané odpovědi
| # | Otázka | Odpověď | Body | Výsledky |
|---|---|---|---|---|
| 1. | Grand Prix Architektů - Národn... | v Jihomoravském kraji | 0 | |
| 2. | Která z asijských zemí si vůbe... | Japonsko; Irsko | 0.5 | |
| 3. | Ve Vatikánu se po 491 letech u... | Karel III. | 1 | |
| 4. | Počátkem týdne jsme se dozvědě... | v Dánsku | 1 | |
| 5. | Která česká sportovkyně a olym... | Petra Kvitová | 1 | |
| 6. | Dnešní zeměpisné téma otevírám... | Golčův Jeníkov, Gmünd | 0.5 | |
| 7. | Které z následujících tvrzení... | B | 0 | |
| 8. | V další otázce bude vaším úkol... | 1A 2D 3C 4B | 0 | |
| 9. | Napište název státu obsahující... | Belgie | 0 | |
| 10. | V této koláži jsou spojené vla... | Gruzie, Guatemala | 0 |